000 00843nas a2200277 4500
001 BR0905291
003 BR-BrBNA
005 20231205113634.0
007 ta
008 230509b bl.|||p| |||| 00| 00por d
040 _aBR-BrBNA
_bpor
_cBiblioteca Nacional de Agricultura
041 _a(Pt)
072 _aF01
100 1 _aVieira, J.G.Z.
100 1 _aYamakami, J.K.
100 1 _aAguiar, R.S. de
100 1 _aUnemoto, L.K.
100 1 _aFaria, R.T. de
245 1 _aInfluência da caseína hidrolisada no cultivo in vitro de Oncidium baueri (Orchidaceae)
650 _aNITROGÊNIO
650 _aCULTURA DE TECIDO
650 _aORQUÍDEA
773 0 _tSemina. Ciências Agrárias (Brazil)
_xISSN 1676-546X
_g(Apr-Jun 2007), v. 28(2) p. 207-212
_wBR0905291
909 _a202311
_bLúcia
_c55
_dLúcia Elande
942 _2AGRIS
_n0
_cANA
999 _c204828
_d204828